<?xml version="1.0" encoding="UTF-8"?><?xml-stylesheet type="text/xsl" href="static/style.xsl"?><OAI-PMH xmlns="http://www.openarchives.org/OAI/2.0/" xmlns:xsi="http://www.w3.org/2001/XMLSchema-instance" xsi:schemaLocation="http://www.openarchives.org/OAI/2.0/ http://www.openarchives.org/OAI/2.0/OAI-PMH.xsd"><responseDate>2026-04-17T02:03:52Z</responseDate><request verb="GetRecord" identifier="oai:www.recercat.cat:2117/115887" metadataPrefix="marc">https://recercat.cat/oai/request</request><GetRecord><record><header><identifier>oai:recercat.cat:2117/115887</identifier><datestamp>2026-02-06T04:13:59Z</datestamp><setSpec>com_2072_1033</setSpec><setSpec>col_2072_452950</setSpec></header><metadata><record xmlns="http://www.loc.gov/MARC21/slim" xmlns:dcterms="http://purl.org/dc/terms/" xmlns:xsi="http://www.w3.org/2001/XMLSchema-instance" xmlns:doc="http://www.lyncode.com/xoai" xsi:schemaLocation="http://www.loc.gov/MARC21/slim http://www.loc.gov/standards/marcxml/schema/MARC21slim.xsd">
   <leader>00925njm 22002777a 4500</leader>
   <datafield ind2=" " ind1=" " tag="042">
      <subfield code="a">dc</subfield>
   </datafield>
   <datafield ind2=" " ind1=" " tag="720">
      <subfield code="a">Hutchinson, John M.</subfield>
      <subfield code="e">author</subfield>
   </datafield>
   <datafield ind2=" " ind1=" " tag="720">
      <subfield code="a">Cortés Izquierdo, María Pilar</subfield>
      <subfield code="e">author</subfield>
   </datafield>
   <datafield ind2=" " ind1=" " tag="260">
      <subfield code="c">2018-02-01</subfield>
   </datafield>
   <datafield ind2=" " ind1=" " tag="520">
      <subfield code="a">© 2017. This version is made available under the CC-BY-NC-ND 4.0 license http://creativecommons.org/licenses/by-nc-nd/4.0/</subfield>
   </datafield>
   <datafield ind2=" " ind1=" " tag="520">
      <subfield code="a">The physical aging behaviour of two epoxy-thiol shape memory polymers has been studied: diglycidyl ether of bisphenol-A cross-linked with pentaerythritol tetrakis, denoted 4-thiol, with a calorimetric glass transition temperature, Tg, of 51 °C; and the same system modified with tri (2,3-epoxypropyl)isocyanurate in a 30 wt% proportion, denoted 4-thiol-30%iso, with Tg = 63 °C. The aging of both polymers has been measured by torsional creep for aging temperatures between room temperature and the Tg of each polymer. The creep behaviour of each polymer is characterised by a discrete distribution of relaxation times, which shifts with aging time according to a double logarithmic aging rate, µ, and with aging temperature according to an activation energy. The distribution of creep relaxation times for 4-thiol is rather symmetrical, and slightly narrower than that for 4-thiol-30%iso, which is also skewed to longer times. The dependence of µ on temperature displays a peak as the aging temperature reduces below Tg, and is sharper for 4-thiol, in accordance with the narrower distribution, as predicted by a theoretical model based upon structural relaxation kinetics. The other parameters defining the aging behaviour, namely the reduced activation energy (¿h*/R = 92 kK for 4-thiol and 82 kK for 4-thiol-30%iso) and the non-linearity parameter of structural relaxation (x = 0.35 for 4-thiol and 0.25 for 4-thiol-30%iso), have been determined experimentally and are compared with the predictions of the theoretical model. These parameters can be used to predict the effects of physical aging on the shape memory response.</subfield>
   </datafield>
   <datafield ind2=" " ind1=" " tag="520">
      <subfield code="a">Peer Reviewed</subfield>
   </datafield>
   <datafield ind2=" " ind1=" " tag="520">
      <subfield code="a">Postprint (author's final draft)</subfield>
   </datafield>
   <datafield tag="653" ind2=" " ind1=" ">
      <subfield code="a">Àrees temàtiques de la UPC::Enginyeria dels materials</subfield>
   </datafield>
   <datafield tag="653" ind2=" " ind1=" ">
      <subfield code="a">Epoxy compounds</subfield>
   </datafield>
   <datafield tag="653" ind2=" " ind1=" ">
      <subfield code="a">Polymers</subfield>
   </datafield>
   <datafield tag="653" ind2=" " ind1=" ">
      <subfield code="a">Epoxy-thiol</subfield>
   </datafield>
   <datafield tag="653" ind2=" " ind1=" ">
      <subfield code="a">Physical aging</subfield>
   </datafield>
   <datafield tag="653" ind2=" " ind1=" ">
      <subfield code="a">Shape memory</subfield>
   </datafield>
   <datafield tag="653" ind2=" " ind1=" ">
      <subfield code="a">Epòxids</subfield>
   </datafield>
   <datafield tag="653" ind2=" " ind1=" ">
      <subfield code="a">Polímers</subfield>
   </datafield>
   <datafield ind2="0" ind1="0" tag="245">
      <subfield code="a">Physical aging of shape memory polymers based upon epoxy-thiol “click” systems</subfield>
   </datafield>
</record></metadata></record></GetRecord></OAI-PMH>